Kluby grające kiedykolwiek w Premier League. - Statystyki

Ogólne statystyki
  • Ten quiz został rozwiązany 93 razy
  • Średni wynik to 34 z 49
Statystyki odpowiedzi
Odpowiedź % Poprawnych
Arsenal
100%
Liverpool
99%
Manchester City
99%
Manchester United
99%
Tottenham
99%
Chelsea
98%
Everton
96%
Aston Villa
91%
Leicester
89%
Leeds
88%
West Ham
88%
Newcastle
87%
Southampton
87%
Brighton
86%
Fulham
85%
Crystal Palace
80%
West Brom
79%
Norwich
78%
Birmingham
76%
Blackburn
75%
Burnley
74%
Nottingham
74%
Sheffield United
74%
Sunderland
74%
Derby
73%
Bournemouth
72%
Cardiff
72%
Wolves
72%
Swansea
71%
Hull
68%
QPR
68%
Watford
67%
Bolton
66%
Stoke
64%
Huddersfield
59%
Ipswich
56%
Portsmouth
56%
Wigan
55%
Reading
49%
Sheffield Wednesday
49%
Middlesbrough
46%
Blackpool
44%
Charlton
42%
Wimbledon
38%
Barnsley
36%
Coventry
33%
Oldham
16%
Swindon
13%
Bradford City
7%
Nie znaleziono quizów pasujących do podanych kryteriów
Rozkład punktacji
Procent ludzi z każdym wynikiem
Percentyl według liczby udzielonych odpowiedzi
Twoja historia wyników
Nie rozwiązałeś tego quizu